000 01035nas a2200277 4500
001 BR9201699
003 BR-BrBNA
005 20231205092434.0
007 ta
008 230509b bl.|||p| |||| 00| 00por d
040 _aBR-BrBNA
_bpor
_cBiblioteca Nacional de Agricultura
041 _a(Pt)
072 _aL72
100 1 _aSilva, N.R.S. da
100 1 _aHotzel, M.J.
100 1 _aChaplin, E.L.
100 1 _aAraujo, F.A.P. de
245 1 _aIdentificacao de especies do genero Eimeria (Schneider, 1875)parasitando caprinos do municipio de Porto Alegre, Rio Grande do Sul
246 1 _aThe identification process of species of Eimeria (Schneider, 1875)parasiting goats at Porto Alegre, Rio Grande do Sul, Brazil
650 _aCAPRINO
650 _aPROTOZOARIO
650 _aRIO GRANDE DO SUL
773 0 _tArquivos da Faculdade de Veterinaria da Universidade Federal do Rio Grande do Sul (Brazil)
_xISSN 0101-5230
_g(1990), v. 18 p. 73-77
_wBR9201699
909 _a202311
_bLúcia
_c55
_dLúcia Elande
942 _2AGRIS
_n0
_cANA
999 _c131710
_d131710